Problémy a úlohy výskumu slovensko-maďarských literárnych vzťahov

Bibliographic Details
Main Author: Chmel, Rudolf, 1939- (Author)
Format: Article
Language:Slovak

MARC

LEADER 00000nab a2200000uu 4500
001 vtls011536827
003 SK-MaSNL
005 20260303170121.0
008 230222|1966 xo |||||||||||||||||slo|
015 |a SNBRB 
035 |a (urnnbn)urn:nbn:sk:snk:ar-0050gh 
035 |a (uuid)106b301b-955d-4202-8a3d-312a443444d2 
035 |a urn:nbn:sk:snk-abevwr 
040 |a SNKBUCL  |b slo  |c SNKBUCL  |e AACR2 
041 0 |a slo 
044 |a xo  |c SK 
100 1 |a Chmel, Rudolf,  |d 1939-  |4 aut  |9 14004 
245 1 0 |a Problémy a úlohy výskumu slovensko-maďarských literárnych vzťahov  |c Rudolf Chmel 
773 0 |t Slovenská literatúra  |g Roč. 13, č. 4 (1966), s. 321-348 
954 |a odborná, vedecká literatúra pôvodná (slovenská)  |2 lita 
958 |a OND 
958 |a EUIPO 
958 |a article22 
999 |c 2075265  |d 2077195